Fútbol: entrenamiento con pelotas
Salvato in:
| Autori principali: | , |
|---|---|
| Natura: | Libro |
| Lingua: | spagnolo |
| Pubblicazione: |
Buenos Aires
Stadium
1980
|
| Soggetti: | |
| Tags: |
Aggiungi Tag
Nessun Tag, puoi essere il primo ad aggiungerne!!
|
MARC
| LEADER | 00000nam a2200000 a 4500 | ||
|---|---|---|---|
| 001 | UCY9418 | ||
| 003 | CL-VaPUC | ||
| 008 | 950717e19800300AG |||||||||||||||||spa|d | ||
| 082 | 0 | 4 | |a 796.334 |b STU |2 21 |
| 100 | 0 | |a Studener, Hans |e author |9 341557 | |
| 700 | 0 | |a Wolf, Werner |e author |9 341558 | |
| 245 | 1 | 0 | |a Fútbol: entrenamiento con pelotas |
| 300 | |a 273 p | ||
| 942 | |c BK | ||
| 945 | |d 19950717 00:00:00 |a mfernand | ||
| 260 | |a Buenos Aires |b Stadium |c 1980 | ||
| 650 | 0 | |a Fútbol |9 307513 | |
| 650 | 7 | |a JUEGOS DE PELOTA |2 CL-VaPUC |9 340284 | |
| 583 | |a last modification |c 19950717 00:00:00 |k Rodrigo Vera | ||
| 999 | |c 236514 |d 236512 | ||
| 952 | |0 0 |1 0 |4 0 |6 796_334000000000000_STU_1980 |7 0 |8 P |9 244645 |a BIBEDU |b BIBEDU |c BIBEDU_PB |d 2019-11-18 |i 1536370 |o 796.334 STU 1980 |p 1536370 |r 2024-01-25 |w 2019-11-18 |y BK |k EDU | ||
| 952 | |0 0 |1 0 |4 0 |6 796_334000000000000_STU_1980 |7 0 |8 P |9 244646 |a BIBEDU |b BIBEDU |c BIBEDU_PB |d 2019-11-18 |i 1602357 |o 796.334 STU 1980 |p 1602357 |r 2024-01-25 |w 2019-11-18 |y BK |k EDU | ||